Essays on Suicide and Self-Immolation/ (Record no. 167294)

MARC details
000 -LEADER
fixed length control field 00589nam a22001817a 4500
010 ## - LCCN (DPL NO)
LC control number ENG-126321
020 ## - INTERNATIONAL STANDARD BOOK NUMBER
International Standard Book Number 978-93-86552-89-1
Terms of availability 1095
035 ## - SYSTEM CONTROL NUMBER
System control number EN-109853
082 ## - DEWEY DECIMAL CLASSIFICATION NUMBER
Classification number 362.280954792
245 ## - TITLE STATEMENT
Title Essays on Suicide and Self-Immolation/
Statement of responsibility, etc edited by A.M. Shah [and] Lancy Lobo
260 ## - PUBLICATION, DISTRIBUTION, ETC. (IMPRINT)
Place of publication, distribution, etc Delhi
Name of publisher, distributor, etc Primus Books
Date of publication, distribution, etc 2018
270 ## - ADDRESS
Address Virat Mukherjee Nagar Commercial Complex,
City Delhi
Postal code 110009
300 ## - PHYSICAL DESCRIPTION
Extent 211p.
Other physical details ill
Dimensions 24cm
500 ## - GENERAL NOTE
General note Includes Index and Bibliography
700 ## - ADDED ENTRY--PERSONAL NAME
Personal name Shah,A.M.
700 ## - ADDED ENTRY--PERSONAL NAME
Personal name Lobo, Lancy
942 ## - ADDED ENTRY ELEMENTS (KOHA)
Source of classification or shelving scheme Dewey Decimal Classification
Item type English Books
Classification part 362.280954792
Call number suffix ESS
Holdings
Withdrawn status Lost status Not for loan Collection code Home library Current library Date acquired Source of acquisition Cost, normal purchase price Full call number Barcode Copy number Cost, replacement price Koha item type
      Non-fiction Ashok Vihar Ashok Vihar 27/08/2019 DBAD/PUB 1095.00 362.280954792 ESS EN-109853 1 1095.00 English Books

© Delhi Public Library
Hit Counter
free hit counter